000 00417nam a2200169Ia 4500
008 221030s9999 xx 000 0 und d
020 _a0074631535
041 _aEnglish
082 _a105.23
_bGil
100 _aC. M. Gilmore
245 0 _aMicroprocessors : Principles & Applications
_cby C. M. Gilmore
250 _a2nd
260 _bTMH
_aNew Delhi
_c2002
300 _a556
650 _aBE Computer
942 _cBK
999 _c3434
_d3434